000 01911nam0a2200421 4500
001 RU\NLR\BIBL_A\012581683
005 20211222124935.0
010 _a978-5-907344-93-8
_9150
021 _aRU
_bКН-П-21-023871
_9КН-П-21-1849
035 _a(NLR Aleph) 012581683
090 _a12523714
_c12523714
100 _a20210818d2021 u y0rusy50 ca
101 0 _arus
102 _aRU
105 _aac z 000zy
135 _acrmn mmmaacua
181 0 _ai
_baxxe
182 0 _an
200 1 _aМамина голгофа
_e[мемориальное издание]
_fИда Славина
203 _aТекст
_bвизуальный
_cнепосредственный
210 _aСанкт-Петербург
_cЛюбавич
_d2021
215 _a159, [1] c.
_cил., портр.
_d24
320 _aБиблиогр.: с. 158-159 (28 назв.)
325 _aКопия доступна в Электрон. б-ке РНБ
601 0 2 _aКарагандинский исправительно-трудовой лагерь
_bАкмолинское женское спецотделение
_xИстория
_92356625
_3RU\NLR\AUTH\661407585
606 1 _aРепрессии политические
_yСССР
_z1930 - 1950-ые гг.
_92450076
_3RU\NLR\AUTH\661456794
686 1 _aТ3(2)7-3
700 1 _aСлавина
_bИ. И.
_gИда Ильинична
856 0 _uhttps://vivaldi.nlr.ru/bx000041221/view
856 1 _uhttps://vivaldi.nlr.ru/bx000041221/cover
856 2 _uhttps://vivaldi.nlr.ru/bx000041221/text
942 _cBOOK
980 _aNB
981 4 4 _a(44) Оцифровано по рекомендациям читателей